Crash Team Racing Nitro Fueled Characters - Statistics

General Stats
  • This quiz has been taken 140 times
    131 since last reset
  • The average score is 24 of 44
Answer Stats
Characters % Correct
Crash Bandicoot
99%
Coco Bandicoot
93%
Polar
90%
Dr. N. Gin
86%
Dr. Neo Cortex
83%
Pura
83%
Tiny Tiger
82%
Dingodile
81%
Ripper Roo
80%
Nitros Oxide
78%
Papu Papu
75%
Pinstripe
73%
Dr. Nefarious Tropy
69%
Komodo Joe
69%
Fake Crash
61%
Penta Penguin
60%
Spyro
57%
Tawna
57%
Koala Kong
53%
Crunch Bandicoot
52%
Komodo Moe
50%
Megumi
50%
Nina Cortex
50%
Baby Crash
49%
Liz
49%
Zam
49%
Zem
49%
N. Brio
48%
Baby Coco
47%
Nash
47%
Ami
43%
Isabella
43%
Geary
42%
Big Norm
41%
Hunter
41%
Small Norm
39%
Krunk
38%
Baby T
36%
Real Velo
36%
Gnasty Gnorc
34%
N. Trance
34%
King Chicken
28%
Ebenezer von Clutch
14%
Pasedena O’Possum
5%
No matching quizzes found
Score Distribution
Percent of People with Each Score
Percentile by Number Answered
Your Score History
You have not taken this quiz since the last reset